LEADER 01096nam a2200229 i 4500 001 000000199386 003 CaOOAMICUS 005 20110429000000.0 008 110429s2003 it u000 u ita u 013 $a178077 040 $aSeMil$bita 100 1 $aPerego, Piero .$0(OLS)http://semarc/name/29035 245 13$aLa Chiesa Parrocchiale di Pontirolo Nuovo /$cdon Piero Perego, Andrea Possenti. 260 $a[Treviglio e Geradadda] :$bCassa Rurale (Banca di Credito Cooperativo di Treviglio e Geradadda),$c2003. 300 $a140 p. :$bill. ;$c30 cm. 650 4$aPontirolo Nuovo.$0(OLS)http://semarc/subject/37454 700 1 $aPossenti, Andrea.$0(OLS)http://semarc/name/58696 850 $aSeMil 852 $aSeMil$W1$xVenegono$y1$m3P VI 409$j149939$B149939$CSeMilBibl$Z2$F167027 $81 961 $aLascito: Spezzibottiani don Mario 996 $6245$aLa Chiesa Parrocchiale di Pontirolo Nuovo$9(OLS)http://semarc/title/288292 996 $6260$a[Treviglio e Geradadda] :$bCassa Rurale (Banca di Credito Cooperativo di Treviglio e Geradadda)$9(OLS)http://semarc/publisher/47622 LEADER 01087nam a2200241 i 4500 001 000000076006 003 CaOOAMICUS 005 20070925000000.0 008 070925s1941 it u000 u ita u 013 $a47178 040 $aSeMil$bita 100 1 $aGrabher, Carlo,$d<1897-1968>.$0(OLS)http://semarc/name/8394 245 10$aGiovanni Boccaccio /$cCarlo Grabher. 260 $aTorino :$bUnione Tipografico-Editrice Torinese,$c1941. 300 $a209 p., [3] p. di tav. :$bill. ;$c23 cm. 490 0 $aI grandi italiani : collana di Biografie ;$v9 500 $aContiene : Nota bibliografica. - In mezzo al front : Con figure nel testo e tre tavole in rotocalco. 600 14$aBoccaccio, Giovanni <1313-1375>.$0(OLS)http://semarc/subject/5996 830 2$aI grandi italiani ;$v9.$0(OLS)http://semarc/title/15207 850 $aSeMil 852 $aSeMil$W1$xVenegono$y1$m1H V 7$j42158$B42158$CSeMilBibl$Z2$F42162 $81 996 $6245$aGiovanni Boccaccio$9(OLS)http://semarc/title/123204 996 $6260$aTorino :$bUnione Tipografico-Editrice Torinese$9(OLS)http://semarc/publisher/29628